000
00205 a2200097 4500
001
11660
090
_c
8970
_d
8970
100
_a
Janes
245
_a
Jane's unmanned aerial vehicles & targets.
260
_b
Janes
_c
1996
942
_a
NUST-CAE
999
_c
246733
_d
246733